[Event "NK 2023 kwalicificatie"]
[Site "Haarlem, Netherlands"]
[Date "2023.06.04"]
[Round "5.3"]
[White "Baselmans, Luuk"]
[Black "Timmermans, Mark"]
[Result "1/2-1/2"]
[BlackCountry "NL"]
[BlackElo "2402"]
[BlackTitle "IM"]
[WhiteElo "2338"]

1. e4 {[%clk 0:15:05.0]} e5 {[%clk 0:15:03.8]} 2. Nf3 {[%clk 0:15:08.5]} Nc6 {[%clk 0:15:07.4]} 3. Bb5 {[%clk 0:15:12.0]} a6 {[%clk 0:15:09.5]} 4. Bxc6 {[%clk 0:15:05.1]} dxc6 {[%clk 0:15:12.8]} 5. d3 {[%clk 0:15:07.6]} Bd6 {[%clk 0:15:11.9]} 6. 0-0 {[%clk 0:15:07.0]} Bg4 {[%clk 0:15:12.1]} 7. Nbd2 {[%clk 0:15:04.4]} h5 {[%clk 0:15:14.3]} 8. Nc4 {[%clk 0:15:00.8]} Qf6 {[%clk 0:15:16.3]} 9. b4 {[%clk 0:14:06.7]} Ne7 {[%clk 0:15:11.3]} 10. Bg5 {[%clk 0:13:40.5]} Bxf3 {[%clk 0:15:12.8]} 11. Bxf6 {[%clk 0:13:44.0]} Bxd1 {[%clk 0:15:14.2]} 12. Bxe7 {[%clk 0:13:47.2]} Bxc2 {[%clk 0:14:23.3]} 13. Bxd6 {[%clk 0:12:53.5]} Bxd3 {[%clk 0:14:26.1]} 14. Rfc1 {[%clk 0:11:58.7]} Bxc4 {[%clk 0:14:27.2]} 15. Bxe5 {[%clk 0:12:00.1]} b5 {[%clk 0:14:12.3] Black offered a draw.} {Agreed a Draw} 1/2-1/2

[Event "NK 2023 kwalicificatie"]
[Site "Haarlem, Netherlands"]
[Date "2023.06.04"]
[Round "5.4"]
[White "Slagboom, Leandro"]
[Black "Van Orsouw, Theo"]
[Result "1-0"]
[BlackElo "1909"]
[WhiteCountry "NL"]
[WhiteElo "2270"]

1. d4 {[%clk 0:15:05.0]} Nf6 {[%clk 0:15:00.3]} 2. c4 {[%clk 0:15:08.2]} c5 {[%clk 0:15:01.6]} 3. d5 {[%clk 0:15:11.7]} e6 {[%clk 0:15:02.6]} 4. Nc3 {[%clk 0:15:15.1]} exd5 {[%clk 0:15:02.8]} 5. cxd5 {[%clk 0:15:18.8]} d6 {[%clk 0:15:05.2]} 6. e4 {[%clk 0:15:21.9]} g6 {[%clk 0:15:06.7]} 7. Be2 {[%clk 0:15:16.6]} Bg7 {[%clk 0:15:06.7]} 8. Nf3 {[%clk 0:15:20.3]} 0-0 {[%clk 0:15:07.0]} 9. Be3 {[%clk 0:15:23.2]} Re8 {[%clk 0:15:01.4]} 10. Nd2 {[%clk 0:15:26.5]} a6 {[%clk 0:14:58.4]} 11. a4 {[%clk 0:15:28.9]} Nbd7 {[%clk 0:14:56.8]} 12. 0-0 {[%clk 0:15:27.3]} Qc7 {[%clk 0:14:43.6]} 13. Qc2 {[%clk 0:14:51.2]} Ne5 {[%clk 0:14:40.9]} 14. h3 {[%clk 0:14:39.8]} c4 {[%clk 0:13:50.1]} 15. f4 {[%clk 0:14:01.9]} Nd3 {[%clk 0:13:46.3]} 16. Bxd3 {[%clk 0:14:05.5]} cxd3 {[%clk 0:13:47.7]} 17. Qxd3 {[%clk 0:14:09.5]} Rb8 {[%clk 0:13:40.7]} 18. Rac1 {[%clk 0:12:42.5]} Qe7 {[%clk 0:13:23.2]} 19. a5 {[%clk 0:11:54.9]} Bd7 {[%clk 0:13:18.6]} 20. Bd4 {[%clk 0:11:40.2]} Qd8 {[%clk 0:12:57.7]} 21. e5 {[%clk 0:10:41.6]} Nh5 {[%clk 0:12:25.8]} 22. Qf3 {[%clk 0:07:05.2]} Qe7 {[%clk 0:10:01.7]} 23. Rce1 {[%clk 0:06:24.8]} Qh4 {[%clk 0:09:05.4]} 24. g4 {[%clk 0:04:57.7]} Nxf4 {[%clk 0:06:50.1]} 25. Qxf4 {[%clk 0:04:56.7]} dxe5 {[%clk 0:06:49.2]} 26. Bxe5 {[%clk 0:02:25.5]} Rxe5 {[%clk 0:04:52.2]} 27. Rxe5 {[%clk 0:02:20.1]} Bxe5 {[%clk 0:04:48.9]} 28. Qxe5 {[%clk 0:02:20.4]} Qxh3 {[%clk 0:04:40.1]} 29. Qxb8+ {[%clk 0:02:22.0]} Kg7 {[%clk 0:04:39.0]} 30. Qf4 {[%clk 0:02:16.2]} Bxg4 {[%clk 0:04:32.3]} 31. Qxf7+ {[%clk 0:02:10.0]} Kh6 {[%clk 0:04:31.4]} 32. Qf4+ {[%clk 0:01:59.2]} Kg7 {[%clk 0:04:33.9]} 33. Qe5+ {[%clk 0:01:57.1]} Kh6 {[%clk 0:04:35.1]} 34. Qh2 {[%clk 0:02:00.4]} Qxh2+ {[%clk 0:04:35.0]} 35. Kxh2 {[%clk 0:02:03.8]} {Black Resigned} 1-0

[Event "NK 2023 kwalicificatie"]
[Site "Haarlem, Netherlands"]
[Date "2023.06.04"]
[Round "5.5"]
[White "Pijpers, Arthur"]
[Black "ten Hertog, Hugo"]
[Result "1/2-1/2"]
[BlackCountry "NL"]
[BlackElo "2526"]
[BlackTitle "GM"]
[WhiteElo "2465"]

1. e4 {[%clk 0:15:05.0]} c6 {[%clk 0:15:03.2]} 2. d4 {[%clk 0:15:08.3]} d5 {[%clk 0:15:07.1]} 3. e5 {[%clk 0:15:12.2]} Bf5 {[%clk 0:15:10.4]} 4. Nf3 {[%clk 0:15:16.0]} e6 {[%clk 0:15:13.1]} 5. Be2 {[%clk 0:15:19.8]} Ne7 {[%clk 0:15:16.6]} 6. 0-0 {[%clk 0:15:23.0]} c5 {[%clk 0:15:20.6]} 7. c4 {[%clk 0:15:23.9]} dxc4 {[%clk 0:15:24.2]} 8. Na3 {[%clk 0:15:26.1]} Nbc6 {[%clk 0:15:22.5]} 9. Nxc4 {[%clk 0:15:21.0]} Nd5 {[%clk 0:15:26.0]} 10. Bg5 {[%clk 0:15:20.7]} Qd7 {[%clk 0:15:29.2]} 11. Rc1 {[%clk 0:14:30.0]} h6 {[%clk 0:15:31.3]} 12. Be3 {[%clk 0:13:25.6]} b5 {[%clk 0:15:33.7]} 13. Nd6+ {[%clk 0:13:10.8]} Bxd6 {[%clk 0:15:27.7]} 14. exd6 {[%clk 0:13:12.3]} c4 {[%clk 0:14:44.0]} 15. b3 {[%clk 0:10:36.2]} Qxd6 {[%clk 0:13:29.5]} 16. bxc4 {[%clk 0:10:35.4]} bxc4 {[%clk 0:13:31.1]} 17. Bxc4 {[%clk 0:10:33.0]} 0-0 {[%clk 0:13:07.9]} 18. Bxd5 {[%clk 0:08:14.7]} exd5 {[%clk 0:12:59.0]} 19. Qd2 {[%clk 0:08:18.1]} Be4 {[%clk 0:12:51.8]} 20. Bf4 {[%clk 0:08:20.7]} Qg6 {[%clk 0:12:08.4]} 21. Nh4 {[%clk 0:08:22.8]} Qf6 {[%clk 0:12:10.0]} 22. Be3 {[%clk 0:06:16.7]} g5 {[%clk 0:11:16.9]} 23. Nf3 {[%clk 0:06:18.7]} Bxf3 {[%clk 0:11:19.9]} 24. gxf3 {[%clk 0:06:22.2]} Ne7 {[%clk 0:11:22.9]} 25. f4 {[%clk 0:05:35.3]} g4 {[%clk 0:10:49.4]} 26. f3 {[%clk 0:05:38.3]} gxf3 {[%clk 0:10:45.6]} 27. Rxf3 {[%clk 0:05:41.0]} Nf5 {[%clk 0:10:44.4]} 28. Kh1 {[%clk 0:05:36.8]} Kh8 {[%clk 0:10:42.8]} 29. Bf2 {[%clk 0:05:30.6]} Rae8 {[%clk 0:10:38.9]} 30. Rg1 {[%clk 0:05:32.1]} Rg8 {[%clk 0:10:18.8]} 31. Ra3 {[%clk 0:05:11.2]} Rxg1+ {[%clk 0:10:14.3]} 32. Bxg1 {[%clk 0:05:15.3]} Qg6 {[%clk 0:09:41.2]} 33. Qg2 {[%clk 0:05:08.3]} Qe6 {[%clk 0:09:27.4]} 34. Bf2 {[%clk 0:04:23.7]} Qe2 {[%clk 0:09:14.5]} 35. Bg1 {[%clk 0:04:20.6]} Qe1 {[%clk 0:08:35.7]} 36. Qxd5 {[%clk 0:03:45.4]} Qb1 {[%clk 0:06:33.3]} 37. Rb3 {[%clk 0:03:01.1]} Qc2 {[%clk 0:05:57.7]} 38. Rb7 {[%clk 0:02:11.2]} Rg8 {[%clk 0:05:19.7]} 39. Rxf7 {[%clk 0:01:50.2]} Rxg1+ {[%clk 0:04:57.8]} 40. Kxg1 {[%clk 0:01:53.6]} Qd1+ {[%clk 0:02:24.3]} 41. Kf2 {[%clk 0:01:56.6]} Qd2+ {[%clk 0:02:28.1]} 42. Kf3 {[%clk 0:01:31.1]} Qd3+ {[%clk 0:02:17.2]} 43. Kf2 {[%clk 0:01:34.8]} Qd2+ {[%clk 0:01:14.7]} 44. Kf3 {[%clk 0:01:33.5]} Qd3+ {[%clk 0:00:59.7]} 45. Kf2 {[%clk 0:01:36.6]} Qe3+ {[%clk 0:00:37.1]} 46. Kf1 {[%clk 0:01:40.2]} Qc1+ {[%clk 0:00:25.9]} 47. Ke2 {[%clk 0:01:19.3]} Qc2+ {[%clk 0:00:21.0]} 48. Kf3 {[%clk 0:01:10.9]} Qd3+ {[%clk 0:00:18.6]} {Draw by Repetition} 1/2-1/2

[Event "NK 2023 kwalicificatie"]
[Site "Haarlem, Netherlands"]
[Date "2023.06.04"]
[Round "6.2"]
[White "Van Orsouw, Theo"]
[Black "Pijpers, Arthur"]
[Result "0-1"]
[BlackElo "2465"]
[WhiteElo "1909"]

1. d4 {[%clk 0:15:05.0]} d5 {[%clk 0:15:02.0]} 2. c4 {[%clk 0:15:06.8]} c6 {[%clk 0:15:05.7]} 3. Nc3 {[%clk 0:15:07.3]} Nf6 {[%clk 0:15:08.8]} 4. Nf3 {[%clk 0:15:08.6]} e6 {[%clk 0:15:11.5]} 5. Bg5 {[%clk 0:15:07.7]} dxc4 {[%clk 0:15:09.1]} 6. e4 {[%clk 0:15:04.4]} b5 {[%clk 0:15:11.2]} 7. e5 {[%clk 0:15:05.3]} h6 {[%clk 0:15:14.9]} 8. Bh4 {[%clk 0:15:06.9]} g5 {[%clk 0:15:18.3]} 9. Nxg5 {[%clk 0:15:06.0]} hxg5 {[%clk 0:15:21.7]} 10. Bxg5 {[%clk 0:15:08.4]} Nbd7 {[%clk 0:15:23.5]} 11. exf6 {[%clk 0:15:08.0]} Qb6 {[%clk 0:15:22.5]} 12. g3 {[%clk 0:15:04.5]} Bb7 {[%clk 0:15:25.1]} 13. Bg2 {[%clk 0:15:03.4]} 0-0-0 {[%clk 0:15:11.3]} 14. 0-0 {[%clk 0:15:02.1]} c5 {[%clk 0:15:14.0]} 15. d5 {[%clk 0:14:57.5]} b4 {[%clk 0:15:17.3]} 16. Rb1 {[%clk 0:14:36.1]} Qa6 {[%clk 0:15:17.0]} 17. dxe6 {[%clk 0:13:53.2]} Bxg2 {[%clk 0:15:17.7]} 18. Kxg2 {[%clk 0:13:54.0]} Qxe6 {[%clk 0:14:05.9]} 19. h4 {[%clk 0:11:05.4]} Ne5 {[%clk 0:12:53.0]} 20. Qa4 {[%clk 0:10:57.1]} bxc3 {[%clk 0:12:49.0]} 21. bxc3 {[%clk 0:10:55.9]} Qc6+ {[%clk 0:12:37.8]} 22. Qxc6+ {[%clk 0:10:43.7]} Nxc6 {[%clk 0:12:41.5]} 23. Rfe1 {[%clk 0:09:16.9]} Bd6 {[%clk 0:11:29.4]} 24. Re4 {[%clk 0:08:34.4]} Rhe8 {[%clk 0:09:26.6]} 25. Rxc4 {[%clk 0:08:26.1]} Re2 {[%clk 0:09:26.5]} 26. Ra4 {[%clk 0:08:18.4]} Be5 {[%clk 0:08:40.3]} 27. Ra6 {[%clk 0:07:39.7]} Kc7 {[%clk 0:08:36.8]} 28. Be3 {[%clk 0:07:34.9]} Rd3 {[%clk 0:05:34.0]} 29. Bxc5 {[%clk 0:07:28.9]} Rc2 {[%clk 0:04:55.3]} 30. Bxa7 {[%clk 0:06:58.6]} Rxg3+ {[%clk 0:04:49.5]} 31. Kf1 {[%clk 0:06:41.8]} Rgxc3 {[%clk 0:04:52.6]} 32. Be3 {[%clk 0:06:17.7]} Bxf6 {[%clk 0:04:46.2]} 33. Bf4+ {[%clk 0:05:55.4]} Kd7 {[%clk 0:04:36.1]} 34. Rd1+ {[%clk 0:05:09.9]} Ke6 {[%clk 0:04:38.9]} 35. Rd6+ {[%clk 0:04:32.9]} Kf5 {[%clk 0:04:41.7]} 36. Bg3 {[%clk 0:04:27.3]} Rc5 {[%clk 0:04:04.5]} 37. Ra3 {[%clk 0:03:53.4]} Be5 {[%clk 0:03:46.1]} 38. Bxe5 {[%clk 0:03:32.8]} Nxe5 {[%clk 0:03:48.1]} 39. h5 {[%clk 0:03:24.8]} R5c4 {[%clk 0:03:41.7]} 40. h6 {[%clk 0:02:49.8]} Rf4 {[%clk 0:03:37.0]} 41. h7 {[%clk 0:02:36.6]} Rfxf2+ {[%clk 0:03:38.7]} 42. Ke1 {[%clk 0:02:28.2]} Rh2 {[%clk 0:03:39.8]} 43. Rd2 {[%clk 0:01:51.4]} Rcxd2 {[%clk 0:03:36.2]} 44. Rh3 {[%clk 0:01:45.3]} Rxh3 {[%clk 0:03:36.4]} 45. Kxd2 {[%clk 0:01:47.9]} Rxh7 {[%clk 0:03:39.9]} {White Resigned} 0-1

[Event "NK 2023 kwalicificatie"]
[Site "Haarlem, Netherlands"]
[Date "2023.06.04"]
[Round "6.3"]
[White "Timmermans, Mark"]
[Black "Slagboom, Leandro"]
[Result "1/2-1/2"]
[BlackCountry "NL"]
[BlackElo "2270"]
[WhiteCountry "NL"]
[WhiteElo "2402"]
[WhiteTitle "IM"]

1. e4 {[%clk 0:15:05.0]} e5 {[%clk 0:15:03.2]} 2. Nf3 {[%clk 0:15:08.6]} Nc6 {[%clk 0:15:07.0]} 3. d4 {[%clk 0:15:12.6]} exd4 {[%clk 0:15:10.1]} 4. Bc4 {[%clk 0:15:15.4]} Bc5 {[%clk 0:15:13.3]} 5. Ng5 {[%clk 0:15:19.2]} Nh6 {[%clk 0:15:16.7]} 6. Nxf7 {[%clk 0:15:22.8]} Nxf7 {[%clk 0:15:20.6]} 7. Bxf7+ {[%clk 0:15:26.4]} Kxf7 {[%clk 0:15:24.6]} 8. Qh5+ {[%clk 0:15:29.4]} g6 {[%clk 0:15:28.8]} 9. Qxc5 {[%clk 0:15:31.9]} d5 {[%clk 0:15:32.7]} 10. 0-0 {[%clk 0:15:34.9]} dxe4 {[%clk 0:15:36.6]} 11. c3 {[%clk 0:15:38.4]} Qd6 {[%clk 0:15:40.0]} 12. Qxd6 {[%clk 0:15:35.5]} cxd6 {[%clk 0:15:43.5]} 13. cxd4 {[%clk 0:15:39.6]} Nxd4 {[%clk 0:15:47.4]} 14. Nc3 {[%clk 0:15:38.0]} Bg4 {[%clk 0:15:50.8]} 15. Nxe4 {[%clk 0:14:31.3]} Nc2 {[%clk 0:15:53.1]} 16. Nxd6+ {[%clk 0:14:35.3]} Ke6 {[%clk 0:15:56.5]} 17. Bf4 {[%clk 0:14:37.9]} Nxa1 {[%clk 0:16:00.0]} 18. Rxa1 {[%clk 0:14:41.4]} Rhf8 {[%clk 0:16:01.3]} 19. Bg3 {[%clk 0:14:44.8]} b6 {[%clk 0:16:04.9]} 20. f3 {[%clk 0:14:48.1]} Bf5 {[%clk 0:15:52.5]} 21. Re1+ {[%clk 0:14:38.1]} Kd7 {[%clk 0:15:56.4]} 22. Rd1 {[%clk 0:14:41.3]} Ke6 {[%clk 0:16:00.5]} 23. Re1+ {[%clk 0:13:12.6]} Kd7 {[%clk 0:16:03.2]} 24. Rd1 {[%clk 0:12:58.1]} Ke6 {[%clk 0:16:05.9]} 25. Re1+ {[%clk 0:13:02.0]} {Draw by Repetition} 1/2-1/2

[Event "NK 2023 kwalicificatie"]
[Site "Haarlem, Netherlands"]
[Date "2023.06.04"]
[Round "6.4"]
[White "Maatman, Nick"]
[Black "Baselmans, Luuk"]
[Result "1-0"]
[BlackElo "2338"]
[WhiteCountry "NL"]
[WhiteElo "2362"]
[WhiteTitle "IM"]

1. d4 {[%clk 0:15:05.0]} Nf6 {[%clk 0:15:02.6]} 2. c4 {[%clk 0:15:08.9]} e6 {[%clk 0:15:06.1]} 3. Nc3 {[%clk 0:15:03.9]} Bb4 {[%clk 0:14:55.0]} 4. e3 {[%clk 0:14:55.9]} 0-0 {[%clk 0:14:53.2]} 5. Bd2 {[%clk 0:14:59.4]} d5 {[%clk 0:14:49.1]} 6. Nf3 {[%clk 0:15:02.6]} b6 {[%clk 0:14:37.3]} 7. Rc1 {[%clk 0:14:58.0]} Bb7 {[%clk 0:14:06.4]} 8. cxd5 {[%clk 0:14:57.6]} Nxd5 {[%clk 0:13:48.8]} 9. Nxd5 {[%clk 0:14:50.5]} Bxd2+ {[%clk 0:13:49.7]} 10. Qxd2 {[%clk 0:14:54.5]} Bxd5 {[%clk 0:13:46.8]} 11. Bc4 {[%clk 0:14:57.3]} Bxc4 {[%clk 0:13:10.3]} 12. Rxc4 {[%clk 0:15:00.2]} Qd5 {[%clk 0:12:10.6]} 13. Rxc7 {[%clk 0:15:01.5]} Na6 {[%clk 0:12:03.1]} 14. Rc3 {[%clk 0:14:54.2]} Qxa2 {[%clk 0:12:00.0]} 15. 0-0 {[%clk 0:14:55.3]} Rfc8 {[%clk 0:11:09.7]} 16. Ra3 {[%clk 0:14:23.7]} Qc4 {[%clk 0:11:10.7]} 17. Ne5 {[%clk 0:14:27.0]} Qb4 {[%clk 0:10:42.8]} 18. Qe2 {[%clk 0:13:47.1]} Nc7 {[%clk 0:10:41.3]} 19. Nc6 {[%clk 0:13:15.2]} Qd6 {[%clk 0:10:37.5]} 20. Nxa7 {[%clk 0:13:18.1]} Rcb8 {[%clk 0:10:30.5]} 21. Rc1 {[%clk 0:13:07.7]} Nd5 {[%clk 0:09:51.9]} 22. Nb5 {[%clk 0:12:53.3]} Qb4 {[%clk 0:09:48.2]} 23. Qc4 {[%clk 0:12:49.0]} Qf8 {[%clk 0:09:05.3]} 24. e4 {[%clk 0:12:05.9]} Nf6 {[%clk 0:08:17.3]} 25. d5 {[%clk 0:11:58.8]} exd5 {[%clk 0:07:54.8]} 26. exd5 {[%clk 0:12:02.3]} Rxa3 {[%clk 0:07:52.4]} 27. bxa3 {[%clk 0:12:04.1]} Rd8 {[%clk 0:07:54.5]} 28. Rd1 {[%clk 0:11:25.5]} Qe8 {[%clk 0:06:50.5]} 29. d6 {[%clk 0:11:05.5]} Rc8 {[%clk 0:05:27.7]} 30. Qd3 {[%clk 0:11:03.3]} Qd7 {[%clk 0:05:26.7]} 31. h3 {[%clk 0:10:52.9]} h6 {[%clk 0:05:27.5]} 32. a4 {[%clk 0:10:49.5]} Rc5 {[%clk 0:05:22.7]} 33. Qe3 {[%clk 0:10:44.1]} Rc4 {[%clk 0:04:46.0]} 34. Qb3 {[%clk 0:09:54.3]} Rc6 {[%clk 0:04:34.6]} 35. Re1 {[%clk 0:09:51.3]} Qd8 {[%clk 0:03:58.8]} 36. Re7 {[%clk 0:09:29.2]} Qf8 {[%clk 0:04:00.5]} 37. Rc7 {[%clk 0:09:24.5]} Rxc7 {[%clk 0:02:42.6]} 38. dxc7 {[%clk 0:09:25.8]} Qc8 {[%clk 0:02:43.5]} 39. Qd3 {[%clk 0:09:16.6]} Nd7 {[%clk 0:02:36.6]} 40. Qd6 {[%clk 0:09:12.0]} Qe8 {[%clk 0:02:27.6]} 41. Na7 {[%clk 0:09:03.3]} {Black Resigned} 1-0

[Event "NK 2023 kwalicificatie"]
[Site "Haarlem, Netherlands"]
[Date "2023.06.04"]
[Round "6.5"]
[White "De Winter, Arthur"]
[Black "Beerdsen, Thomas"]
[Result "1/2-1/2"]
[BlackCountry "NL"]
[BlackElo "2520"]
[BlackTitle "IM"]
[WhiteCountry "NL"]
[WhiteElo "2378"]
[WhiteTitle "FM"]

1. e4 {[%clk 0:15:05.0]} c5 {[%clk 0:15:02.6]} 2. Nf3 {[%clk 0:15:08.8]} e6 {[%clk 0:15:02.8]} 3. d4 {[%clk 0:15:12.7]} cxd4 {[%clk 0:15:06.7]} 4. Nxd4 {[%clk 0:15:17.0]} Nc6 {[%clk 0:15:09.1]} 5. Nc3 {[%clk 0:15:20.9]} Nf6 {[%clk 0:15:12.5]} 6. Ndb5 {[%clk 0:14:56.0]} Bb4 {[%clk 0:15:13.5]} 7. a3 {[%clk 0:14:55.2]} Bxc3+ {[%clk 0:15:15.8]} 8. Nxc3 {[%clk 0:14:59.1]} d5 {[%clk 0:15:19.8]} 9. Bd3 {[%clk 0:14:43.6]} 0-0 {[%clk 0:15:20.2]} 10. 0-0 {[%clk 0:14:42.8]} d4 {[%clk 0:15:23.7]} 11. Ne2 {[%clk 0:14:43.0]} e5 {[%clk 0:15:27.4]} 12. f4 {[%clk 0:13:08.6]} exf4 {[%clk 0:15:30.4]} 13. Bxf4 {[%clk 0:13:11.0]} Ng4 {[%clk 0:15:34.2]} 14. Qd2 {[%clk 0:12:53.9]} Qb6 {[%clk 0:15:36.0]} 15. b4 {[%clk 0:11:40.9]} Be6 {[%clk 0:14:10.8]} 16. b5 {[%clk 0:10:33.7]} Na5 {[%clk 0:12:53.7]} 17. Qb4 {[%clk 0:09:48.0]} Rfd8 {[%clk 0:11:41.8]} 18. h3 {[%clk 0:06:48.1]} Ne3 {[%clk 0:11:42.4]} 19. Bxe3 {[%clk 0:06:52.0]} dxe3 {[%clk 0:11:46.3]} 20. e5 {[%clk 0:06:56.3]} Rd5 {[%clk 0:09:57.9]} 21. Qe4 {[%clk 0:06:37.6]} g6 {[%clk 0:10:00.2]} 22. Kh1 {[%clk 0:06:41.9]} Qc5 {[%clk 0:09:33.7]} 23. Qb4 {[%clk 0:05:48.7]} Qxb4 {[%clk 0:08:56.3]} 24. axb4 {[%clk 0:05:51.3]} Nb3 {[%clk 0:09:00.1]} 25. Nf4 {[%clk 0:05:24.3]} Rxd3 {[%clk 0:07:19.5]} 26. cxd3 {[%clk 0:05:26.8]} Nxa1 {[%clk 0:07:21.3]} 27. Rxa1 {[%clk 0:05:30.2]} Rc8 {[%clk 0:06:21.3]} 28. Re1 {[%clk 0:04:27.0]} Bd7 {[%clk 0:04:33.2]} 29. Nd5 {[%clk 0:04:11.2]} Kg7 {[%clk 0:04:34.3]} 30. b6 {[%clk 0:04:11.8]} axb6 {[%clk 0:03:44.2]} 31. Nxb6 {[%clk 0:04:10.9]} Rd8 {[%clk 0:03:46.4]} 32. Nxd7 {[%clk 0:03:56.4]} Rxd7 {[%clk 0:03:48.8]} 33. Rxe3 {[%clk 0:04:00.2]} Rd4 {[%clk 0:03:52.1]} 34. b5 {[%clk 0:01:39.3]} Rb4 {[%clk 0:03:47.3]} 35. e6 {[%clk 0:00:42.2]} fxe6 {[%clk 0:03:47.0]} 36. Rxe6 {[%clk 0:00:45.9]} Rxb5 {[%clk 0:03:49.5]} 37. Re7+ {[%clk 0:00:50.1]} Kh6 {[%clk 0:03:47.2]} 38. d4 {[%clk 0:00:53.5]} Rd5 {[%clk 0:03:47.4]} 39. Rxb7 {[%clk 0:00:57.1]} Rxd4 {[%clk 0:03:51.3] White offered a draw.} {Agreed a Draw} 1/2-1/2

[Event "NK 2023 kwalicificatie"]
[Site "Haarlem, Netherlands"]
[Date "2023.06.04"]
[Round "7.2"]
[White "Baselmans, Luuk"]
[Black "De Winter, Arthur"]
[Result "0-1"]
[BlackCountry "NL"]
[BlackElo "2378"]
[BlackTitle "FM"]
[WhiteElo "2338"]

1. e4 {[%clk 0:15:05.0]} c5 {[%clk 0:15:03.5]} 2. Nf3 {[%clk 0:15:08.3]} Nc6 {[%clk 0:15:07.3]} 3. Bb5 {[%clk 0:15:11.0]} e6 {[%clk 0:15:10.8]} 4. 0-0 {[%clk 0:15:13.0]} Nge7 {[%clk 0:15:12.9]} 5. Re1 {[%clk 0:15:16.7]} Nd4 {[%clk 0:15:15.4]} 6. Nxd4 {[%clk 0:15:17.7]} cxd4 {[%clk 0:15:19.2]} 7. c3 {[%clk 0:15:21.7]} a6 {[%clk 0:15:22.8]} 8. Be2 {[%clk 0:15:08.2]} Nc6 {[%clk 0:15:17.3]} 9. d3 {[%clk 0:15:07.3]} g6 {[%clk 0:13:40.1]} 10. f4 {[%clk 0:14:43.1]} Bg7 {[%clk 0:13:39.3]} 11. Bf3 {[%clk 0:14:06.2]} d6 {[%clk 0:13:16.0]} 12. Kh1 {[%clk 0:13:08.9]} 0-0 {[%clk 0:13:11.2]} 13. g4 {[%clk 0:12:51.9]} d5 {[%clk 0:12:20.9]} 14. g5 {[%clk 0:12:10.6]} dxe4 {[%clk 0:11:49.6]} 15. Bxe4 {[%clk 0:11:57.7]} e5 {[%clk 0:11:02.5]} 16. c4 {[%clk 0:11:47.2]} f6 {[%clk 0:10:42.1]} 17. gxf6 {[%clk 0:11:19.2]} Qxf6 {[%clk 0:10:38.9]} 18. fxe5 {[%clk 0:10:19.4]} Nxe5 {[%clk 0:10:04.1]} 19. Nd2 {[%clk 0:09:40.6]} Bg4 {[%clk 0:05:51.6]} 20. Qc2 {[%clk 0:09:07.9]} Qh4 {[%clk 0:05:44.8]} 21. Rf1 {[%clk 0:06:54.1]} Rxf1+ {[%clk 0:04:47.0]} 22. Nxf1 {[%clk 0:06:54.6]} Qe1 {[%clk 0:04:50.6]} 23. Qg2 {[%clk 0:04:50.9]} Rf8 {[%clk 0:04:50.1]} 24. Kg1 {[%clk 0:04:48.1]} Be2 {[%clk 0:03:40.6]} 25. Bg5 {[%clk 0:03:45.7]} Qxa1 {[%clk 0:03:34.4]} 26. Qxe2 {[%clk 0:03:48.8]} h6 {[%clk 0:03:12.7]} 27. Bh4 {[%clk 0:03:18.0]} b5 {[%clk 0:02:54.9]} 28. c5 {[%clk 0:02:21.3]} Qxa2 {[%clk 0:02:55.1]} 29. Bg3 {[%clk 0:02:24.0]} Qb1 {[%clk 0:02:17.8]} 30. c6 {[%clk 0:02:10.0]} Qc1 {[%clk 0:02:13.8]} 31. Qg2 {[%clk 0:02:11.6]} Ng4 {[%clk 0:02:04.1]} 32. Bd6 {[%clk 0:01:17.9]} Ne3 {[%clk 0:01:59.8]} 33. Bxf8 {[%clk 0:01:17.0]} Nxg2 {[%clk 0:02:02.9]} 34. Bxg7 {[%clk 0:00:44.3]} Ne3 {[%clk 0:02:05.4]} {White Resigned} 0-1

[Event "NK 2023 kwalicificatie"]
[Site "Haarlem, Netherlands"]
[Date "2023.06.04"]
[Round "7.3"]
[White "Slagboom, Leandro"]
[Black "Maatman, Nick"]
[Result "0-1"]
[BlackCountry "NL"]
[BlackElo "2362"]
[BlackTitle "IM"]
[WhiteCountry "NL"]
[WhiteElo "2270"]

1. e4 {[%clk 0:15:05.0]} c5 {[%clk 0:15:03.2]} 2. Nf3 {[%clk 0:15:08.6]} Nc6 {[%clk 0:15:07.3]} 3. d4 {[%clk 0:15:12.4]} cxd4 {[%clk 0:15:11.2]} 4. Nxd4 {[%clk 0:15:16.5]} g6 {[%clk 0:15:15.5]} 5. c4 {[%clk 0:15:16.3]} Nf6 {[%clk 0:15:15.0]} 6. Nc3 {[%clk 0:15:19.4]} Nxd4 {[%clk 0:15:19.0]} 7. Qxd4 {[%clk 0:15:22.6]} d6 {[%clk 0:15:23.2]} 8. Be3 {[%clk 0:15:22.7]} Bg7 {[%clk 0:15:24.7]} 9. f3 {[%clk 0:15:25.6]} 0-0 {[%clk 0:15:27.6]} 10. Qd2 {[%clk 0:15:29.1]} a5 {[%clk 0:15:16.2]} 11. Na4 {[%clk 0:15:31.9]} Be6 {[%clk 0:14:33.0]} 12. Nb6 {[%clk 0:15:16.1]} Ra6 {[%clk 0:14:24.3]} 13. c5 {[%clk 0:13:37.5]} Ra7 {[%clk 0:13:53.0]} 14. cxd6 {[%clk 0:13:10.6]} exd6 {[%clk 0:13:55.8]} 15. Rd1 {[%clk 0:09:18.8]} Bxa2 {[%clk 0:13:38.9]} 16. Qxd6 {[%clk 0:08:53.6]} Qxd6 {[%clk 0:13:27.0]} 17. Rxd6 {[%clk 0:08:56.6]} Be6 {[%clk 0:10:34.8]} 18. Be2 {[%clk 0:08:10.1]} a4 {[%clk 0:10:05.6]} 19. Bc5 {[%clk 0:07:01.9]} Nh5 {[%clk 0:08:38.5]} 20. Rd2 {[%clk 0:03:48.4]} Nf4 {[%clk 0:06:48.6]} 21. Bxf8 {[%clk 0:01:06.9]} Bxf8 {[%clk 0:06:51.8]} 22. Bc4 {[%clk 0:00:30.3]} Bb4 {[%clk 0:06:32.3]} 23. Bxe6 {[%clk 0:00:32.3]} fxe6 {[%clk 0:06:30.8]} 24. Kd1 {[%clk 0:00:20.2]} Bxd2 {[%clk 0:06:27.9]} 25. Kxd2 {[%clk 0:00:24.3]} Ra6 {[%clk 0:06:25.6]} 26. Nc4 {[%clk 0:00:24.2]} Nxg2 {[%clk 0:06:25.6]} 27. Rg1 {[%clk 0:00:16.7]} Nf4 {[%clk 0:06:06.8]} 28. Rg5 {[%clk 0:00:20.0]} Rc6 {[%clk 0:05:50.9]} 29. Kc3 {[%clk 0:00:17.2]} Ne2+ {[%clk 0:05:16.7]} 30. Kb4 {[%clk 0:00:20.7]} Nd4 {[%clk 0:05:13.3]} 31. Ne5 {[%clk 0:00:15.4]} Rc2 {[%clk 0:05:07.4]} 32. Kxa4 {[%clk 0:00:12.1]} Rxb2 {[%clk 0:05:07.9]} 33. h4 {[%clk 0:00:09.9]} Rh2 {[%clk 0:04:14.9]} 34. Rg4 {[%clk 0:00:08.0]} Kg7 {[%clk 0:04:07.8]} 35. Kb4 {[%clk 0:00:09.6]} Kf6 {[%clk 0:04:01.1]} 36. Nd7+ {[%clk 0:00:07.4]} Ke7 {[%clk 0:04:04.9]} 37. Nc5 {[%clk 0:00:10.1]} Nxf3 {[%clk 0:04:05.5]} 38. Nxb7 {[%clk 0:00:10.6]} Rb2+ {[%clk 0:04:07.5]} {White Resigned} 0-1